Cien años de arte y cultura en Monterrey : (Record no. 22207)

MARC details
000 -CABECERA
campo de control de longitud fija 00737nam a22001937a 4500
003 - IDENTIFICADOR DEL NÚMERO DE CONTROL
campo de control OSt
005 - FECHA Y HORA DE LA ÚLTIMA TRANSACCIÓN
campo de control 20260601193900.0
008 - DATOS DE LONGITUD FIJA--INFORMACIÓN GENERAL
campo de control de longitud fija 260506b1998 mx a|||| |||| 00| 0 spa d
040 ## - FUENTE DE LA CATALOGACIÓN
Centro catalogador/agencia de origen ICI
Lengua de catalogación spa
Centro/agencia transcriptor ICI
050 #0 - SIGNATURA TOPOGRÁFICA DE LA BIBLIOTECA DEL CONGRESO
Número de clasificación NX514.M66
Número de documento/Ítem R63
100 #1 - ENTRADA PRINCIPAL--NOMBRE DE PERSONA
Nombre de persona Rodríguez de Longoria, Josefina,
Término indicativo de función/relación autor
245 #1 - MENCIÓN DE TÍTULO
Título Cien años de arte y cultura en Monterrey :
Resto del título a traves de su gente, museos y exposiciones /
Mención de responsabilidad, etc. Josefina Rodríguez de Longoria
260 ## - PUBLICACIÓN, DISTRIBUCIÓN, ETC.
Lugar de publicación, distribución, etc. México :
Nombre del editor, distribuidor, etc. Grupo Impresores Unidos,
Fecha de publicación, distribución, etc. 1998
300 ## - DESCRIPCIÓN FÍSICA
Extensión 275páginas
Otras características físicas ilustraciones
Dimensiones 32cm.
650 #0 - PUNTO DE ACCESO ADICIONAL DE MATERIA--TÉRMINO DE MATERIA
Término de materia o nombre geográfico como elemento de entrada Artes mexicanas
Subdivisión cronológica Siglo XX
Subdivisión geográfica Monterrey
9 (RLIN) 33732
650 #0 - PUNTO DE ACCESO ADICIONAL DE MATERIA--TÉRMINO DE MATERIA
Término de materia o nombre geográfico como elemento de entrada Museos
Subdivisión general Historia
Subdivisión cronológica Siglo XX
Subdivisión geográfica Monterrey
9 (RLIN) 33733
650 #0 - PUNTO DE ACCESO ADICIONAL DE MATERIA--TÉRMINO DE MATERIA
Término de materia o nombre geográfico como elemento de entrada Exposiciones
Subdivisión general Historia
Subdivisión cronológica Siglo XX
Subdivisión geográfica Monterrey
9 (RLIN) 33734
942 ## - ELEMENTOS DE PUNTO DE ACCESO ADICIONAL (KOHA)
Fuente del sistema de clasificación o colocación Library of Congress Classification
Tipo de ítem Koha Libros
Suprimir en OPAC 0
Holdings
Estado de retiro Estado de pérdida Fuente del sistema de clasificación o colocación Estado dañado No para préstamo Localización permanente Ubicación/localización actual Fecha de adquisición Total de préstamos Signatura topográfica completa Código de barras Fecha visto por última vez Número de copia Precio válido a partir de Tipo de ítem Koha
El ejemplar forma parte de la colección y puede ser consultado según las políticas vigentes.   Library of Congress Classification     Biblioteca de Diseño Museo Franz Mayer Biblioteca de Diseño Museo Franz Mayer 06/05/2026   NX514.M66 R63 BDIMFM000451 06/05/2026 Ej.1 06/05/2026 Libros